000 00348nam a2200145Ia 4500
008 150201s2002 xx 000 0 und d
082 _a617.525
_bO2002L
100 _aLASKIN,DANIEL M.
245 _aORAL& MAXILLOFACIAL SURGERY
250 _a1ST
260 _bAITBS
_aDELHI
_c2002
300 _a1-735
650 _aORAL SURGERY
942 _2ddc
_cBK
_01
999 _c2985
_d2985